Bolívar y la guerra social / (Registro nro. 14430)

Detalles MARC
000 -LIDER
fixed length control field 00713nam a2200217 a 4500
003 - IDENTIFICACDOR DE NÚMERO DE CONTROL
control field Ost
005 - DATE AND TIME OF LATEST TRANSACTION
control field 20230719094729.0
008 - ELEMENTOS DE LONGITUD FIJA
fixed length control field 190322s1977 dr r 000 0 spa d
040 ## - FUENTE DE CATALOGACIÓN
Agencia que crea de manera original el registro BPMSU
Idioma de catalogación spa
Agencia que realiza la transcripción BPMSU
082 #4 - NÚMERO DE CLASIFICACIÓN DECIMAL DE DEWEY
Classification number 987.04
Item number B742B
Edition number 22
100 1# - ASIENTO PRINCIPAL -- NOMBRE PERSONAL
Nombre personal Bosch, Juan,
Fechas asociadas con el nombre 1909-2001
9 (RLIN) 1
245 10 - MENCIÓN DE TITULO
Título Bolívar y la guerra social /
Mención de responsabilidad Juan Bosch
260 ## - PUBLICACIÓN, DISTRIBUCIÓN, ETC. (PIE DE IMPRENTA)
Lugar de publicación, distribución, etc Santo Domingo :
Nombre del editor, distribuidor, etc. Editora Alfa y Omega
Fecha de publicación, distribución, etc 1977
Nombre del editor, distribuidor, etc.
300 ## - DESCRIPCIÓN FÍSICA
Extensión 201 p. ;
Dimensiones 20 cm.
590 ## - NOTA LOCAL
Enlace Inventariado, 2023/VM
600 #4 - ENCABEZAMIENTO DE MATERIA--NOMBRE PERSONAL
Nombre personal Bolívar, Simón,
Fechas asociadas con el nombre 1783-1830
651 #4 - ENCABEZAMIENTO DE MATERIA--NOMBRE GEOGRÁFICO
Nombre geográfico Venezuela
Subdivisión temática general Historia
Subdivisión cronológica Guerra de Independencia, 1810-1823
710 2# - ASIENTO SECUNDARIO -- NOMBRE CORPORATIVO
Nombre corporativo o de jurisdicción Ministerio de Cultura (República Dominicana)
910 ## - VALIDACIÓN
Validación VMateo V. Control de calidad. BPMSU
942 ## - ADDED ENTRY ELEMENTS (KOHA)
Source of classification or shelving scheme Dewey Decimal Classification
Koha item type Libros
Existencias
Withdrawn status Lost status Source of classification or shelving scheme Damaged status Not for loan Collection code Home library Current library Date acquired Total Checkouts Full call number Barcode Date last seen Price effective from Koha item type
    Dewey Decimal Classification     Colección Dominicana Biblioteca Pública Metropolitana Salomé Ureña Biblioteca Pública Metropolitana Salomé Ureña 07/19/2023   BPMSU CD 987.04 B742B BPMSU23070042 07/19/2023 07/19/2023 Libros